Colorado Rockies Nicknames - Statistics

General Stats
  • This quiz has been taken 489 times
    30 since last reset
  • The average score is 7 of 11
Answer Stats
Nickname Tenure Player % Correct
The Toddfather 1997–2013 Todd Helton
92%
Tulo 2006–2015 Troy Tulowitzki
88%
Chuck Nazty 2011–2024 Charlie Blackmon
80%
Cargo 2009–2018 Carlos González
76%
Big U 2006–2011 Ubaldo Jiménez
64%
Big Cat 1993–1997 Andrés Galarraga
60%
Booger 1995–2004 Larry Walker
56%
Nado / Sandblaster 2013–2020 Nolan Arenado
56%
Big Daddy 2004–2008, 2018 Matt Holliday
52%
Big Fundy / LeMachine 2011–2018 DJ LeMahieu
36%
La Makina 2009–2014, 2021–2022 Jhoulys Chacín
4%
No matching quizzes found
Score Distribution
Percent of People with Each Score
Percentile by Number Answered
Your Score History
You have not taken this quiz since the last reset